[Event "M.Chigorin Memorial 2017 "]
[Site "?????-?????????"]
[Date "2017.10.25"]
[Round "5"]
[Board "142"]
[White "Popovich, Alexey"]
[Black "Don, Aleksandr"]
[Result "1-0"]
[WhiteElo "2023"]
[BlackElo "1793"]
[PlyCount "86"]
[EventDate "2017.10.21"]
[EventRounds "9"]
[EventCountry "RUS"]

1. e4 c5 2. Nf3 e6 3. d4 cxd4 4. Nxd4 Nf6 5. Nc3 Nc6 6. Ndb5 Bb4 7. a3 Bxc3+ 8.
Nxc3 d5 9. exd5 Nxd5 10. Bd2 O-O 11. Qh5 Nf6 12. Qh4 Qd4 13. Qxd4 Nxd4 14.
O-O-O e5 15. Be3 Bg4 16. Rd2 Rfd8 17. f3 Bf5 18. Bxd4 Rxd4 19. Rxd4 exd4 20.
Nb5 Rd8 21. Nxa7 Nd5 22. Kd2 Ne3 23. Nb5 Rd5 24. c4 dxc3+ 25. Kxe3 cxb2 26. Bc4
Rxb5 27. Bxb5 b1=Q 28. Rxb1 Bxb1 29. Kd4 Kf8 30. Kc5 Ke7 31. Kb6 Kd6 32. Kxb7
Kc5 33. a4 g5 34. Be8 f5 35. a5 Ba2 36. Bc6 Bc4 37. Kc7 f4 38. Bb7 Kd4 39. a6
Bxa6 40. Bxa6 Ke3 41. h4 g4 42. fxg4 Kf2 43. g5 Kxg2  1-0

[Event "M.Chigorin Memorial 2017 "]
[Site "?????-?????????"]
[Date "2017.10.25"]
[Round "5"]
[Board "143"]
[White "Shavykin, Oleg"]
[Black "Mustafayev, Nihad"]
[Result "1-0"]
[WhiteElo "2002"]
[BlackElo "1788"]
[PlyCount "71"]
[EventDate "2017.10.21"]
[EventRounds "9"]
[EventCountry "RUS"]

1. e4 c5 2. Nc3 e6 3. f4 Nc6 4. Nf3 d5 5. Bb5 d4 6. Ne2 Nf6 7. Bxc6+ bxc6 8. d3
Be7 9. O-O O-O 10. Ng3 Ba6 11. b3 Nd7 12. Qe1 Qc7 13. f5 exf5 14. Nxf5 Bf6 15.
Bg5 Rfe8 16. Qh4 Qd8 17. Bxf6 Qxf6 18. Qh3 Ne5 19. N3h4 Bc8 20. Qg3 Bxf5 21.
Rxf5 Qe6 22. Raf1 Re7 23. Rf6 Qg4 24. Qxg4 Nxg4 25. Rxc6 Ne3 26. Rf2 Re5 27.
Rc7 f6 28. h3 a5 29. a4 Rae8 30. Ra7 Rb8 31. Nf3 Rh5 32. Rxa5 Rd8 33. Rd2 g6
34. Ra7 g5 35. Kh2 f5 36. exf5  1-0

[Event "M.Chigorin Memorial 2017 "]
[Site "?????-?????????"]
[Date "2017.10.25"]
[Round "5"]
[Board "144"]
[White "Stepanyan, Eva"]
[Black "Protasova, Anastasia"]
[Result "1/2-1/2"]
[WhiteElo "1952"]
[BlackElo "1780"]
[PlyCount "82"]
[EventDate "2017.10.21"]
[EventRounds "9"]
[EventCountry "RUS"]

1. e4 c6 2. d4 d5 3. e5 Bf5 4. Ne2 e6 5. Ng3 Bg6 6. h4 h5 7. Be2 Nd7 8. Nxh5
Bxh5 9. Bxh5 g6 10. Bf3 Rxh4 11. Rxh4 Qxh4 12. Be3 Nb6 13. b3 Rc8 14. g3 Qd8
15. Kf1 c5 16. Nc3 Ne7 17. dxc5 Nf5 18. cxb6 Nxe3+ 19. fxe3 Rxc3 20. bxa7 Bc5
21. e4 d4 22. Kg2 Bxa7 23. Be2 Qc7 24. Bd3 Qxe5 25. Qf3 Bb8 26. a4 Qg5 27. Rf1
Rc7 28. Qf2 Kf8 29. a5 Re7 30. a6 bxa6 31. Bxa6 f5 32. Rh1 Be5 33. Rf1 f4 34.
Qf3 Rh7 35. Kf2 Rh2+ 36. Ke1 Qd8 37. Be2 Qa5+ 38. Kd1 Qa1+ 39. Kd2 Qa5+ 40. Kd1
Qa1+ 41. Kd2 Qa5+  1/2-1/2

[Event "M.Chigorin Memorial 2017 "]
[Site "?????-?????????"]
[Date "2017.10.25"]
[Round "5"]
[Board "145"]
[White "Kuznetsov, Mikhail"]
[Black "Shilnikov, Igor S."]
[Result "1-0"]
[WhiteElo "1947"]
[BlackElo "1762"]
[PlyCount "89"]
[EventDate "2017.10.21"]
[EventRounds "9"]
[EventCountry "RUS"]

1. d4 Nf6 2. c4 e6 3. Nf3 Be7 4. Nc3 d5 5. Bf4 c6 6. e3 O-O 7. h3 Bd6 8. Ne5
Bb4 9. Bd3 dxc4 10. Nxc4 Nd5 11. O-O Nxf4 12. exf4 Nd7 13. Ne4 Nf6 14. Ne5 Nxe4
15. Bxe4 Qh4 16. Nd3 Bd6 17. Qd2 Qh6 18. Rad1 Rd8 19. Qe3 Be7 20. Ne5 g6 21.
Rfe1 Qg7 22. Qb3 Bd6 23. Qe3 Bc7 24. Nc4 Rb8 25. g3 Bd7 26. Re2 f6 27. Nd2 Bb6
28. Nf3 Re8 29. Kg2 Kh8 30. Qb3 Qh6 31. h4 Qh5 32. Red2 Ba5 33. Rc2 Bb6 34. Re1
Rbd8 35. Ng5 Re7 36. Bf3 Qh6 37. Nxe6 Rde8 38. d5 cxd5 39. Bxd5 Qh5 40. f3 Ba4
41. Qxa4 Qxd5 42. f5 gxf5 43. Nf4 Qd4 44. Qxe8+ Rxe8 45. Rxe8+  1-0

[Event "M.Chigorin Memorial 2017 "]
[Site "?????-?????????"]
[Date "2017.10.25"]
[Round "5"]
[Board "146"]
[White "Vorobyova, Valeriya"]
[Black "Fedorov, Ivan"]
[Result "1-0"]
[WhiteElo "1945"]
[BlackElo "1745"]
[PlyCount "43"]
[EventDate "2017.10.21"]
[EventRounds "9"]
[EventCountry "RUS"]

1. e4 e6 2. d4 b6 3. Nf3 Bb7 4. Bd3 Ne7 5. O-O Ng6 6. Nc3 Be7 7. Ne2 O-O 8. Ng3
d6 9. c3 Nd7 10. Qb3 c5 11. d5 Nde5 12. Nxe5 Nxe5 13. Be2 exd5 14. exd5 c4 15.
Bxc4 Nxc4 16. Qxc4 f5 17. Re1 Rc8 18. Qe2 Rf7 19. Qe6 g6 20. Be3 Rxc3 21. bxc3
Bc8 22. Bxb6  1-0

[Event "M.Chigorin Memorial 2017 "]
[Site "?????-?????????"]
[Date "2017.10.25"]
[Round "5"]
[Board "147"]
[White "Andrijashkin, Deniss"]
[Black "Bushueva, Tatjana"]
[Result "1-0"]
[WhiteElo "1929"]
[BlackElo "1737"]
[PlyCount "59"]
[EventDate "2017.10.21"]
[EventRounds "9"]
[EventCountry "RUS"]

1. e4 e6 2. d4 d5 3. Nc3 Bb4 4. a3 Bxc3+ 5. bxc3 dxe4 6. Qg4 Nf6 7. Qxg7 Rg8 8.
Qh6 c5 9. Ne2 Nbd7 10. Ng3 b6 11. Be2 Bb7 12. O-O Rg6 13. Qd2 h5 14. Qf4 Nd5
15. Qxe4 h4 16. Bh5 Rg8 17. Qxe6+ Qe7 18. Bxf7+ Kd8 19. Bxg8 hxg3 20. fxg3 Qxe6
21. Bxe6 Nxc3 22. Bg5+ Kc7 23. Rf7 Bc6 24. Bf4+ Kd8 25. Bxd7 Bxd7 26. Rf8+ Be8
27. Re1 Kd7 28. dxc5 bxc5 29. h4 Rc8 30. g4  1-0

[Event "M.Chigorin Memorial 2017 "]
[Site "?????-?????????"]
[Date "2017.10.25"]
[Round "5"]
[Board "148"]
[White "Ismagilov, Igor"]
[Black "Schetchikov, Vladimir"]
[Result "1/2-1/2"]
[WhiteElo "1720"]
[BlackElo "1916"]
[PlyCount "166"]
[EventDate "2017.10.21"]
[EventRounds "9"]
[EventCountry "RUS"]

1. d4 Nf6 2. Nf3 e6 3. Bg5 h6 4. Bh4 c5 5. e3 b6 6. c3 Bb7 7. Nbd2 d6 8. Bb5+
Nbd7 9. Qa4 Be7 10. O-O a6 11. Bd3 b5 12. Qd1 O-O 13. Re1 c4 14. Bc2 d5 15. e4
dxe4 16. Nxe4 Nxe4 17. Bxe7 Qxe7 18. Bxe4 Nf6 19. Bxb7 Qxb7 20. Qe2 Rfc8 21.
Ne5 Rc7 22. Qf3 Qxf3 23. Nxf3 a5 24. a3 Nd5 25. Nd2 Nf4 26. Ne4 Nd3 27. Re2 Rb8
28. f3 b4 29. axb4 axb4 30. Ra4 bxc3 31. Nxc3 Nxb2 32. Ra5 Nd3 33. Rc2 Rd7 34.
Ra1 Rxd4 35. Ne2 Rd7 36. Rxc4 Rdb7 37. Rf1 Rb2 38. Nc1 Ne5 39. Re4 Nd7 40. Re2
Nf6 41. Rxb2 Rxb2 42. Rf2 Rb1 43. Rf1 Nd5 44. Nd3 Rxf1+ 45. Kxf1 f6 46. Ke2 g5
47. g3 Kf7 48. Nf2 h5 49. Ne4 Kg6 50. Kd3 f5 51. Nc5 Kf7 52. Kd4 Ne7 53. Ke5
Nc6+ 54. Kd6 Nd4 55. f4 g4 56. Nb7 Kf6 57. Nd8 Nf3 58. Nxe6 Nxh2 59. Nd4 Nf3
60. Ne2 h4 61. gxh4 Nxh4 62. Kd5 Nf3 63. Ng3 Ne1 64. Ne2 Kg6 65. Ke6 Ng2 66.
Ke5 Ne3 67. Ng3 Nc4+ 68. Ke6 Ne3 69. Ke5 Kf7 70. Kd4 Ng2 71. Ke5 Nh4 72. Ne2
Kg6 73. Ng3 Nf3+ 74. Ke6 Nd4+ 75. Kd5 Nb5 76. Ke5 Nc3 77. Nxf5 Ne2 78. Nh4+ Kh5
79. Ng2 g3 80. f5 Kg5 81. f6 Kg6 82. Nh4+ Kf7 83. Ng2 Nd4  1/2-1/2

[Event "M.Chigorin Memorial 2017 "]
[Site "?????-?????????"]
[Date "2017.10.25"]
[Round "5"]
[Board "149"]
[White "Anisimov, Artem"]
[Black "Kuizhev, Adam"]
[Result "1-0"]
[WhiteElo "1716"]
[BlackElo "1911"]
[PlyCount "75"]
[EventDate "2017.10.21"]
[EventRounds "9"]
[EventCountry "RUS"]

1. d4 Nf6 2. c4 g6 3. g3 Bg7 4. Bg2 O-O 5. Nf3 c6 6. O-O d5 7. Bf4 Bf5 8. Nc3
Ne4 9. cxd5 Nxc3 10. bxc3 cxd5 11. Qb3 Qd7 12. Ne5 Bxe5 13. dxe5 Be4 14. Rfd1
Bxg2 15. Kxg2 e6 16. e4 Qc6 17. exd5 exd5 18. Rxd5 a5 19. Rad1 a4 20. Qb5 Rd8
21. Qxc6 Nxc6 22. Rxd8+ Rxd8 23. Rxd8+ Nxd8 24. Kf3 Kf8 25. Ke4 Ke8 26. Kd5 Kd7
27. Be3 Ne6 28. g4 Nc7+ 29. Kc5 Ke6 30. Bd4 Nd5 31. Kb5 h5 32. gxh5 gxh5 33. c4
Nf4 34. Kb6 Ne2 35. Bb2 Ng1 36. Kxb7 Nf3 37. c5 a3 38. Ba1  1-0

[Event "M.Chigorin Memorial 2017 "]
[Site "?????-?????????"]
[Date "2017.10.25"]
[Round "5"]
[Board "150"]
[White "Zakharov, Yuri"]
[Black "Pavlov, Mark"]
[Result "1-0"]
[WhiteElo "1681"]
[BlackElo "1909"]
[PlyCount "113"]
[EventDate "2017.10.21"]
[EventRounds "9"]
[EventCountry "RUS"]

1. Nf3 Nf6 2. g3 d5 3. Bg2 c6 4. O-O Bg4 5. Ne5 Bh5 6. d4 Nbd7 7. Nd3 e6 8. b3
Be7 9. Bb2 O-O 10. f3 Qc7 11. Nf4 Bg6 12. Nxg6 hxg6 13. Nd2 e5 14. dxe5 Nxe5
15. Kh1 Rfd8 16. Qe1 c5 17. Rb1 d4 18. Nc4 Nc6 19. a4 a6 20. e4 Nb4 21. Qe2
Rab8 22. a5 Re8 23. Rfd1 Rbd8 24. Qd2 Bf8 25. c3 Nc6 26. cxd4 cxd4 27. Qf4 Qxf4
28. gxf4 Nh5 29. Bc1 Bb4 30. Ra1 Bc3 31. Ra2 Nb4 32. Rf2 Nc6 33. Ra2 Nb4 34.
Rf2 f5 35. Ne5 Rd6 36. Bf1 fxe4 37. Bc4+ Kf8 38. fxe4 Nc6 39. Nxc6 Rxc6 40. Bd5
Bxa5 41. Ba3+ Re7 42. Bxc6 bxc6 43. Kg2 Bb6 44. Bxe7+ Kxe7 45. Kf3 Nf6 46. Rg2
Kf7 47. Rc1 c5 48. Rcg1 a5 49. Rxg6 a4 50. Rxg7+ Kf8 51. Rb7 Bd8 52. bxa4 d3
53. Rb8 Ke8 54. Rc8 d2 55. Rxc5 Bb6 56. Re5+ Kf7 57. Rd1  1-0

[Event "M.Chigorin Memorial 2017 "]
[Site "?????-?????????"]
[Date "2017.10.25"]
[Round "5"]
[Board "151"]
[White "Razumovskiy, Mikhail"]
[Black "Gimenez, Gregoire"]
[Result "0-1"]
[WhiteElo "1908"]
[BlackElo "1711"]
[PlyCount "116"]
[EventDate "2017.10.21"]
[EventRounds "9"]
[EventCountry "RUS"]

1. d4 f5 2. g3 Nf6 3. Bg2 g6 4. Nf3 Bg7 5. O-O O-O 6. c4 d6 7. Nc3 c6 8. Qb3
Na6 9. a4 Qc7 10. c5+ Kh8 11. cxd6 exd6 12. Qa3 Be6 13. b4 Ne4 14. Bb2 Bc4 15.
b5 Nxc3 16. Bxc3 cxb5 17. axb5 Bxb5 18. Rfe1 Rfe8 19. e3 Rac8 20. Rec1 Qd7 21.
Ng5 h6 22. Nf3 Bc6 23. Qa5 Qc7 24. Qa3 Qf7 25. Qxd6 Re6 26. Qa3 Kh7 27. d5 Bxd5
28. Ng5+ hxg5 29. Bxd5 Bxc3 30. Bxe6 Qxe6 31. Rxc3 Rd8 32. Rac1 f4 33. Qa4 fxg3
34. hxg3 Qf5 35. R3c2 g4 36. Qf4 Qe6 37. Rc4 Rd5 38. Kg2 Rf5 39. Qxg4 Qf7 40.
Rh1+ Kg7 41. Qd4+ Rf6 42. Qe5 Qxc4 43. Rd1 Qc6+ 44. Kh2 Qe6 45. Qb2 Nc5 46. Qd4
Qf5 47. f4 b6 48. Re1 Qd3 49. Qa1 a5 50. g4 Kf7 51. Qa2+ Kf8 52. Qb2 Kf7 53.
Qa2+ Ke7 54. Qb2 Qe4 55. Kg3 Nd3 56. Qa3+ Nc5 57. g5 Rxf4 58. exf4 Qxe1+  0-1

[Event "M.Chigorin Memorial 2017 "]
[Site "?????-?????????"]
[Date "2017.10.25"]
[Round "5"]
[Board "152"]
[White "Arbuzov, Timofey"]
[Black "Shojhet, Sofiy"]
[Result "1-0"]
[WhiteElo "1658"]
[BlackElo "1905"]
[PlyCount "120"]
[EventDate "2017.10.21"]
[EventRounds "9"]
[EventCountry "RUS"]

1. e4 c6 2. d4 d5 3. Nc3 dxe4 4. Nxe4 Bf5 5. Ng3 Bg6 6. h4 h6 7. Nf3 Nd7 8. h5
Bh7 9. Bd3 Bxd3 10. Qxd3 Ngf6 11. Bd2 e6 12. O-O-O Qc7 13. Ne4 O-O-O 14. Nxf6
Nxf6 15. Ne5 c5 16. Bf4 Rxd4 17. Qf3 Bd6 18. Rxd4 cxd4 19. Re1 Nd5 20. Bg3 Rf8
21. a3 Nf6 22. Qb3 Nxh5 23. Bh2 Rd8 24. f4 Nf6 25. Qa4 Kb8 26. Bg1 Bc5 27. Kb1
Nh5 28. Bh2 f6 29. Nd3 Bd6 30. g3 e5 31. f5 Qc6 32. Qa5 Bc7 33. Qd2 e4 34. Nb4
Qe8 35. g4 Ng3 36. Qg2 Qe5 37. Rg1 a5 38. Na2 d3 39. Qd2 Qc5 40. Rxg3 Bxg3 41.
Bxg3+ Kc8 42. cxd3 Rxd3 43. Qf4 Qg1+ 44. Nc1 Rxg3 45. Qd6 Rxg4 46. Qf8+ Kc7 47.
Qe7+ Kb6 48. Qd8+ Kc6 49. Qc8+ Kd6 50. Qe6+ Kc5 51. Ka2 a4 52. Qc8+ Kd6 53.
Qe6+ Kc7 54. Qe7+ Kb6 55. Qd8+ Ka6 56. Qa8+ Qa7 57. Qc8 e3 58. Nd3 Qb6 59. Qa8+
Kb5 60. Qe8+ Kc4  1-0

[Event "M.Chigorin Memorial 2017 "]
[Site "?????-?????????"]
[Date "2017.10.25"]
[Round "5"]
[Board "153"]
[White "Alekseev, Mikhail"]
[Black "Tsarkov, Mikhail"]
[Result "1-0"]
[WhiteElo "1903"]
[BlackElo "1701"]
[PlyCount "89"]
[EventDate "2017.10.21"]
[EventRounds "9"]
[EventCountry "RUS"]

1. e4 c6 2. d4 d5 3. e5 Bf5 4. Nf3 e6 5. Be2 Ne7 6. O-O Bg6 7. c3 Nd7 8. a4 c5
9. dxc5 Nc6 10. b4 Ndxe5 11. Nxe5 Nxe5 12. Bf4 Nc6 13. Na3 Be7 14. Nc2 Bf6 15.
Nd4 e5 16. Nxc6 bxc6 17. Bg3 O-O 18. Rc1 e4 19. Bd6 Re8 20. b5 Be5 21. Bxe5
Rxe5 22. bxc6 Qc7 23. Qd4 f6 24. c4 Bf7 25. cxd5 Bxd5 26. Rfd1 Bxc6 27. Qd6 Re7
28. Bc4+ Kh8 29. Bd5 Bxd5 30. Qxd5 Rc8 31. c6 Ree8 32. Rd4 Rcd8 33. Rxe4 Rxe4
34. Qxe4 h6 35. g3 Rc8 36. Rd1 f5 37. Qe6 Rf8 38. Rc1 f4 39. Qd7 Qb6 40. Qe7
Rc8 41. c7 fxg3 42. hxg3 Qa5 43. Qd7 Qa6 44. Rd1 Kg8 45. Qxc8+  1-0

[Event "M.Chigorin Memorial 2017 "]
[Site "?????-?????????"]
[Date "2017.10.25"]
[Round "5"]
[Board "154"]
[White "Ageeva, Vasilisa"]
[Black "Kamalidenova, Meruert"]
[Result "0-1"]
[WhiteElo "1649"]
[BlackElo "1897"]
[PlyCount "48"]
[EventDate "2017.10.21"]
[EventRounds "9"]
[EventCountry "RUS"]

1. e4 c5 2. Nf3 d6 3. d4 cxd4 4. Nxd4 Nf6 5. Nc3 a6 6. Be3 e5 7. Nb3 Be7 8. Be2
O-O 9. Qd2 Be6 10. Bf3 Nbd7 11. O-O Nb6 12. Na5 Qc7 13. Be2 Rfd8 14. Qe1 d5 15.
Bxb6 Qxb6 16. exd5 Nxd5 17. Nc4 Qc7 18. Bd3 Nxc3 19. Qxc3 e4 20. Be2 Bf6 21.
Qb4 Rd4 22. b3 b5 23. c3 Be7 24. Qa5 Rxc4  0-1

[Event "M.Chigorin Memorial 2017 "]
[Site "?????-?????????"]
[Date "2017.10.25"]
[Round "5"]
[Board "155"]
[White "Rubtsov, Aleksandr"]
[Black "Novitckii, Andrei"]
[Result "0-1"]
[WhiteElo "1895"]
[BlackElo "1688"]
[PlyCount "88"]
[EventDate "2017.10.21"]
[EventRounds "9"]
[EventCountry "RUS"]

1. e4 c5 2. Nf3 e6 3. d4 cxd4 4. Nxd4 a6 5. Bd3 Qc7 6. O-O Nf6 7. c4 Be7 8. Be3
d6 9. Nc3 Nbd7 10. f4 b6 11. Qc2 Bb7 12. Rae1 Nc5 13. Bd2 Nxd3 14. Qxd3 Nd7 15.
b3 O-O 16. Qg3 Rfd8 17. Na4 Rac8 18. Bc3 Nf6 19. Ba1 Bf8 20. Nxe6 Nxe4 21. Rxe4
fxe6 22. Rxe6 b5 23. cxb5 axb5 24. Nc3 b4 25. Ne4 Bxe4 26. Rxe4 d5 27. Be5 Qa7+
28. Bd4 Bc5 29. Bxc5 Rxc5 30. Re2 d4 31. Rd1 d3 32. Red2 Rc2+ 33. Qf2 Qxa2 34.
Rxc2 dxc2 35. Rxd8+ Kf7 36. Qe1 Qb1 37. Kf2 Qxe1+ 38. Kxe1 c1=Q+ 39. Rd1 Qc3+
40. Rd2 Qxb3 41. Ke2 Qc4+ 42. Ke3 b3 43. g4 b2 44. Rxb2 Qc3+  0-1

[Event "M.Chigorin Memorial 2017 "]
[Site "?????-?????????"]
[Date "2017.10.25"]
[Round "5"]
[Board "156"]
[White "Shkuratov, Vladimir"]
[Black "Khlopushin, Dmitriy"]
[Result "1-0"]
[WhiteElo "1887"]
[BlackElo "1668"]
[PlyCount "39"]
[EventDate "2017.10.21"]
[EventRounds "9"]
[EventCountry "RUS"]

1. e4 e5 2. Nf3 Nc6 3. Bb5 a6 4. Ba4 Nf6 5. O-O Nxe4 6. d4 b5 7. Bb3 d5 8. dxe5
Be6 9. c3 Be7 10. Nbd2 Nc5 11. Bc2 O-O 12. Nb3 Nd7 13. Re1 Re8 14. Bf4 f6 15.
Nbd4 Nxd4 16. Nxd4 Bc5 17. Nxe6 Rxe6 18. Qxd5 Bxf2+ 19. Kxf2 Nf8 20. Qxd8  1-0

[Event "M.Chigorin Memorial 2017 "]
[Site "?????-?????????"]
[Date "2017.10.25"]
[Round "5"]
[Board "157"]
[White "Murzina, Agata"]
[Black "Kovalenko, Kleopatra"]
[Result "0-1"]
[WhiteElo "1637"]
[BlackElo "1879"]
[PlyCount "68"]
[EventDate "2017.10.21"]
[EventRounds "9"]
[EventCountry "RUS"]

1. e4 c5 2. g3 Nc6 3. Bg2 d6 4. Ne2 g6 5. O-O Bg7 6. c3 Nf6 7. b3 O-O 8. Bb2
Bd7 9. d4 cxd4 10. cxd4 Qc8 11. Nf4 e5 12. dxe5 dxe5 13. Nd5 Nxd5 14. exd5 Nd4
15. Nc3 Bh3 16. Ne2 Bxg2 17. Kxg2 Qf5 18. Nc3 Qd7 19. f4 Nf5 20. Qd2 exf4 21.
Rxf4 Bxc3 22. Qxc3 Qxd5+ 23. Kg1 f6 24. Rf2 Rac8 25. Qe1 Rfe8 26. Qb4 Re4 27.
Qa3 Re6 28. Qb4 a5 29. Qf4 Re4 30. Qf3 Rc6 31. Rd1 Qe6 32. g4 Nh4 33. Rd8+ Kf7
34. Rd7+ Ke8  0-1

[Event "M.Chigorin Memorial 2017 "]
[Site "?????-?????????"]
[Date "2017.10.25"]
[Round "5"]
[Board "158"]
[White "Kobozev, Aleksandr"]
[Black "Zyrjanow, Leonid"]
[Result "1-0"]
[WhiteElo "1554"]
[BlackElo "1873"]
[PlyCount "63"]
[EventDate "2017.10.21"]
[EventRounds "9"]
[EventCountry "RUS"]

1. e4 e5 2. Nf3 Nc6 3. Bb5 a6 4. Bxc6 dxc6 5. O-O Bg4 6. h3 Bxf3 7. Qxf3 Qf6 8.
Qe3 Bd6 9. c3 c5 10. d3 Ne7 11. Nd2 h6 12. Nb3 b6 13. d4 cxd4 14. cxd4 g5 15.
Bd2 exd4 16. Nxd4 Bf4 17. Qf3 Qxd4 18. Bc3 Qd6 19. Bxh8 O-O-O 20. Rad1 Qe6 21.
Rxd8+ Kxd8 22. Rd1+ Kc8 23. e5 Nc6 24. g3 g4 25. Qxf4 gxh3 26. Qe4 f5 27. Qd5
Qe8 28. e6 Nb8 29. Bf6 Qg6 30. e7 f4 31. Qd8+ Kb7 32. e8=Q  1-0

[Event "M.Chigorin Memorial 2017 "]
[Site "?????-?????????"]
[Date "2017.10.25"]
[Round "5"]
[Board "159"]
[White "Anant, Prabhudesai"]
[Black "Khodko, Yurii N."]
[Result "1-0"]
[WhiteElo "1869"]
[BlackElo "1583"]
[PlyCount "45"]
[EventDate "2017.10.21"]
[EventRounds "9"]
[EventCountry "RUS"]

1. Nf3 Nf6 2. g3 g6 3. Bg2 Bg7 4. c4 O-O 5. O-O d6 6. d4 Nc6 7. Nc3 e5 8. d5
Ne7 9. e4 Ne8 10. Bd2 f5 11. Qc1 c5 12. dxc6 bxc6 13. Bh6 Ba6 14. Bxg7 Kxg7 15.
Rd1 Qc7 16. c5 Rd8 17. cxd6 Rxd6 18. Rxd6 Qxd6 19. Qe3 Nf6 20. Qxa7 fxe4 21.
Ng5 Ng4 22. Ncxe4 Qb4 23. a3  1-0

[Event "M.Chigorin Memorial 2017 "]
[Site "?????-?????????"]
[Date "2017.10.25"]
[Round "5"]
[Board "160"]
[White "Biyachuev, Minkail"]
[Black "Lystsov, Leonid"]
[Result "0-1"]
[WhiteElo "1475"]
[BlackElo "1866"]
[PlyCount "112"]
[EventDate "2017.10.21"]
[EventRounds "9"]
[EventCountry "RUS"]

1. d4 g6 2. e4 Bg7 3. Nf3 d6 4. Nc3 a6 5. Bc4 e6 6. O-O b5 7. Bb3 Bb7 8. Re1
Nd7 9. Bg5 Ne7 10. d5 e5 11. h3 h6 12. Be3 f5 13. exf5 gxf5 14. Nh4 O-O 15. f4
Qe8 16. Rf1 e4 17. Bd4 Qf7 18. Bxg7 Qxg7 19. g4 b4 20. Na4 fxg4 21. hxg4 Nf6
22. Kh1 Bxd5 23. Bxd5+ Nfxd5 24. Nf5 Rxf5 25. gxf5 Ne3 26. Rg1 Nxd1 27. Rxg7+
Kxg7 28. Rxd1 Kf6 29. Rd4 Kxf5 30. Rxb4 Kxf4 31. Kg1 Kf3 32. Kf1 Rg8 33. Nc3 e3
34. Re4 Nf5 35. Re6 h5 36. Ne2 h4 37. Rf6 Rg5 38. Nd4+ Ke4 39. Ne2 h3 40. Re6+
Kd5 41. Nf4+ Kc6 42. Nxh3 Rg3 43. Nf4 Rf3+ 44. Ke2 Rxf4 45. Re8 Rf2+ 46. Kd1
Rf1+ 47. Ke2 Ng3+ 48. Kd3 Rd1+ 49. Kc3 e2 50. Rxe2 Nxe2+ 51. Kb3 Nc1+ 52. Ka3
Rd2 53. c3 Nd3 54. b4 Nc1 55. b5+ Kc5 56. bxa6 Rxa2#  0-1

[Event "M.Chigorin Memorial 2017 "]
[Site "?????-?????????"]
[Date "2017.10.25"]
[Round "5"]
[Board "161"]
[White "Yurasova, Daria"]
[Black "Timofeev, Vsevolod"]
[Result "1-0"]
[WhiteElo "1849"]
[BlackElo "1479"]
[PlyCount "131"]
[EventDate "2017.10.21"]
[EventRounds "9"]
[EventCountry "RUS"]

1. e4 c6 2. g3 d5 3. e5 Bf5 4. Bg2 e6 5. Nf3 Nd7 6. O-O Ne7 7. Re1 Ng6 8. Nd4
Ne7 9. h4 h6 10. Nxf5 Nxf5 11. d3 c5 12. Nd2 Nd4 13. c4 Nb6 14. b3 Be7 15. Bb2
Nc6 16. cxd5 Nxd5 17. Nf3 O-O 18. d4 Qb6 19. dxc5 Bxc5 20. Qe2 Rfd8 21. Red1
Rac8 22. Rac1 Nde7 23. Nd2 Nd4 24. Qf1 Nec6 25. Nc4 Qc7 26. Bxd4 Rxd4 27. Rxd4
Nxd4 28. Nd6 Rb8 29. b4 Ne2+ 30. Qxe2 Bxf2+ 31. Qxf2 Qxc1+ 32. Kh2 Qc7 33. Qc5
Qd7 34. b5 b6 35. Qc4 Rd8 36. Bf3 g6 37. Qf4 Kg7 38. Qf6+ Kg8 39. h5 Rf8 40. g4
Qd8 41. g5 hxg5 42. Qxd8 Rxd8 43. hxg6 fxg6 44. Bg4 Kf8 45. Bxe6 Ke7 46. Bg4
Ra8 47. Kg3 a6 48. Bf3 Rd8 49. bxa6 Rd7 50. a7 Rxa7 51. Nc8+ Kd8 52. Nxa7 b5
53. Nxb5 g4 54. Kxg4 g5 55. Kxg5 Ke7 56. a4 Ke6 57. a5 Kxe5 58. a6 Ke6 59. a7
Ke5 60. a8=Q Ke6 61. Qd5+ Ke7 62. Qd6+ Ke8 63. Bc6+ Kf7 64. Qf6+ Kg8 65. Bd5+
Kh7 66. Qh6#  1-0

[Event "M.Chigorin Memorial 2017 "]
[Site "?????-?????????"]
[Date "2017.10.25"]
[Round "5"]
[Board "162"]
[White "Uspenskaya, Ksenia"]
[Black "Shadunts, Kirill"]
[Result "0-1"]
[WhiteElo "1073"]
[BlackElo "1845"]
[PlyCount "60"]
[EventDate "2017.10.21"]
[EventRounds "9"]
[EventCountry "RUS"]

1. d4 d5 2. Bf4 Nf6 3. e3 Bf5 4. c3 c5 5. Nf3 Qb6 6. Qb3 c4 7. Qxb6 axb6 8. a3
Nc6 9. Nbd2 e6 10. Be2 Be7 11. O-O O-O 12. Ne5 Nxe5 13. dxe5 Nd7 14. Nf3 Bg4
15. h3 Bh5 16. Rfe1 f6 17. exf6 gxf6 18. Bh2 Nc5 19. Nd4 Bxe2 20. Rxe2 Kf7 21.
f3 Nd3 22. b4 cxb3 23. Rb1 Rxa3 24. Nxb3 Rfa8 25. Bc7 R8a6 26. Rd2 Nc5 27. Nxc5
Bxc5 28. Re2 Rxc3 29. Kh2 Bxe3 30. Reb2 Rxc7  0-1

[Event "M.Chigorin Memorial 2017 "]
[Site "?????-?????????"]
[Date "2017.10.25"]
[Round "5"]
[Board "163"]
[White "Zolotyh, Lev"]
[Black "Khalilov, Emin"]
[Result "1-0"]
[WhiteElo "1831"]
[BlackElo "1470"]
[PlyCount "97"]
[EventDate "2017.10.21"]
[EventRounds "9"]
[EventCountry "RUS"]

1. e4 d5 2. exd5 Qxd5 3. Nc3 Qa5 4. d4 Nf6 5. Nf3 Bg4 6. Be2 Nc6 7. Be3 O-O-O
8. Nd2 Bxe2 9. Qxe2 Qf5 10. Nf3 e6 11. O-O h6 12. Rad1 g5 13. Qd3 Qg4 14. Qb5
a6 15. Qb3 Bd6 16. d5 Na5 17. h3 Qxf3 18. Qa4 Qf5 19. Qxa5 exd5 20. Bd4 Be5 21.
Bxe5 Qxe5 22. Rfe1 Qd6 23. Nxd5 Nxd5 24. c4 Qb6 25. Rxd5 Qxa5 26. Rxa5 Rd2 27.
Re7 Rxb2 28. Rf5 Rc2 29. Rfxf7 Rxc4 30. g3 Rc6 31. f4 gxf4 32. gxf4 Rg8+ 33.
Kf2 Kb8 34. f5 Rd8 35. Ke3 Rc3+ 36. Ke4 Rxh3 37. Rxc7 Rh4+ 38. Ke5 Rb4 39. f6
Rb5+ 40. Ke6 Rb6+ 41. Kf5 h5 42. Rcd7 Rh8 43. Rfe7 Rc8 44. f7 Rb5+ 45. Kf6 h4
46. Re8 Rbc5 47. f8=Q h3 48. Qxc5 Rxe8 49. Qc7+  1-0

[Event "M.Chigorin Memorial 2017 "]
[Site "?????-?????????"]
[Date "2017.10.25"]
[Round "5"]
[Board "164"]
[White "Tskhadadze, Anna"]
[Black "Pradeep, Pandya"]
[Result "1/2-1/2"]
[WhiteElo "2073"]
[BlackElo "1571"]
[PlyCount "118"]
[EventDate "2017.10.21"]
[EventRounds "9"]
[EventCountry "RUS"]

1. d4 Nf6 2. Nf3 g6 3. Bg5 Ne4 4. Bf4 Bg7 5. e3 O-O 6. Bd3 d5 7. Nbd2 Nxd2 8.
Qxd2 c5 9. c3 c4 10. Bc2 Nc6 11. O-O Bg4 12. Bd1 e6 13. Re1 a5 14. h3 Bxf3 15.
Bxf3 b5 16. e4 Rc8 17. exd5 exd5 18. Re2 Qd7 19. Rae1 b4 20. Qc2 Bxd4 21. cxd4
Nxd4 22. Qd2 Nxe2+ 23. Rxe2 d4 24. Be5 c3 25. bxc3 bxc3 26. Qh6 f6 27. Bg4 Qg7
28. Qxg7+ Kxg7 29. Bxc8 fxe5 30. Ba6 Kf6 31. Bd3 Rb8 32. Kf1 a4 33. Ke1 h5 34.
Kd1 g5 35. f3 h4 36. Kc1 Ke6 37. Bc4+ Kd6 38. Re4 Rb2 39. Re2 Rb4 40. Bd3 Kd5
41. Bc2 Kd6 42. a3 Rb6 43. Re4 Ke6 44. g3 hxg3 45. Rg4 Kf6 46. Rxg3 Rb8 47. Rg1
Rb2 48. Rd1 Ra2 49. Bxa4 Rxa3 50. Bb5 Ra1+ 51. Kc2 Rxd1 52. Kxd1 Kf5 53. Bd3+
Kf4 54. Ke2 Kg3 55. Bf5 Kf4 56. Be4 Kg3 57. Bf5 Kf4 58. Be4 Kg3 59. Bf5 Kf4
 1/2-1/2

[Event "M.Chigorin Memorial 2017 "]
[Site "?????-?????????"]
[Date "2017.10.25"]
[Round "5"]
[Board "165"]
[White "Moskaleva, Arina"]
[Black "Klevets, Ksenia"]
[Result "1-0"]
[WhiteElo "1536"]
[BlackElo "1948"]
[PlyCount "67"]
[EventDate "2017.10.21"]
[EventRounds "9"]
[EventCountry "RUS"]

1. e4 d6 2. d4 c6 3. c4 Nd7 4. Nc3 Qc7 5. Be3 g6 6. f3 Bg7 7. Bd3 a6 8. Nge2 e6
9. Rc1 Ne7 10. O-O O-O 11. b4 c5 12. bxc5 dxc5 13. d5 exd5 14. cxd5 Ne5 15. Na4
b6 16. Bf4 Bd7 17. Bc2 Qa7 18. Be3 Bb5 19. Nac3 Nc4 20. Nxb5 Nxe3 21. Nxa7 Nxd1
22. Rfxd1 Rxa7 23. Bb3 Nc8 24. f4 Kh8 25. e5 f6 26. e6 Nd6 27. a4 Rc7 28. Nd4
f5 29. Nc6 Bf6 30. Ne5 b5 31. Nd7 Rxd7 32. exd7 Bd4+ 33. Kh1 Ne4 34. Rxd4  1-0